000 00572nam a22002297a 4500
003 UA-OsUOA
001 66294
007 ta
008 20091225b un ||||| |||| 00| 0 ukr d
100 _aПільгук І.
090 _a82.09(477)
_bП36
942 _cBK
040 _aUA-OsUOA
_bukr
_cUA-OsUOA
_dUA-OsUOA
245 _aСтепан Руданський
300 _a115 с.
955 _a2
041 _aukr
080 _a82.09(477)
260 _aК.
_c1956
650 7 _a82 Література. Літературознавство
_2UDC
999 _c352195
_d352195